[Event "Barcelona Sant Marti op-B 19th"]
[Site "Barcelona"]
[Date "2017.07.18"]
[Round "6"]
[White "Arias Aranda, Guillem"]
[Black "Ylla Soro, Rafael"]
[Result "1-0"]
[WhiteElo "1438"]
[BlackElo "1612"]
[PlyCount "68"]
[EventDate "2017.07.13"]
[EventType "swiss"]
[EventRounds "9"]
[EventCountry "ESP"]
[SourceTitle "EXT 2018"]
[Source "ChessBase"]
[SourceDate "2017.10.13"]
[SourceVersion "1"]
[SourceVersionDate "2017.10.13"]
[SourceQuality "1"]

1. Nf3 c5 2. e4 a6 3. d4 cxd4 4. Nxd4 e6 5. Nc3 Qc7 6. Bd3 Bb4 7. Bd2 Nf6 8. 0-0 0-0 9. Ncb5 axb5 10. Bxb4 Rd8 11. Nxb5 Qb6 12. Be7 Re8 13. Bxf6 gxf6 14. Qf3 Kg7 15. Qg3+ Kh8 16. Qc7 Qa5 17. Qxa5 Rxa5 18. Nd6 Rf8 19. Rfd1 Nc6 20. Be2 Rg5 21. Nxc8 Rxc8 22. Rxd7 Rcg8 23. g3 Ne5 24. Rxb7 Ng6 25. Rb5 e5 26. Kh1 h5 27. Rd1 h4 28. Rbd5 Kh7 29. Rd7 Rg7 30. Rc7 hxg3 31. fxg3 f5 32. exf5 Rxf5 33. Bd3 Rg5 34. Rf1 Kh6 1-0

[Event "Barcelona Sant Marti op 6th"]
[Site "Barcelona"]
[Date "2017.01.19"]
[Round "2"]
[White "Orts Gonzalez, Rafael"]
[Black "Ylla Soro, Rafael"]
[Result "1/2-1/2"]
[WhiteElo "1127"]
[BlackElo "1649"]
[PlyCount "140"]
[EventDate "2017.01.12"]
[EventType "swiss"]
[EventRounds "9"]
[EventCountry "ESP"]
[SourceTitle "EXT 2018"]
[Source "ChessBase"]
[SourceDate "2017.10.13"]
[SourceVersion "1"]
[SourceVersionDate "2017.10.13"]
[SourceQuality "1"]

1. d4 f5 2. Bf4 Nf6 3. Nf3 e6 4. e3 Be7 5. Nc3 0-0 6. d5 d6 7. Ng5 exd5 8. Nxd5 c6 9. Nxf6+ Rxf6 10. Qh5 h6 11. Nf3 Be6 12. Nd4 Bf7 13. Qe2 Nd7 14. h4 Ne5 15. b3 Qa5+ 16. Qd2 Qxd2+ 17. Kxd2 c5 18. Nf3 Ng4 19. Ke1 Bd5 20. Bc4 Bxc4 21. bxc4 Re8 22. h5 Bd8 23. Rd1 Bc7 24. Ke2 Ne5 25. Nh4 Nxc4 26. Ng6 Ne5 27. Bxe5 dxe5 28. Rd7 Rf7 29. Rhd1 Bb6 30. R7d5 e4 31. Ne5 Rfe7 32. Nd7 Rf7 33. Nxb6 axb6 34. f4 exf3+ 35. gxf3 Rfe7 36. R1d3 c4 37. Rc3 Rc8 38. Rxf5 Rec7 39. a4 Ra8 40. Ra3 c3 41. Rd5 Rc4 42. Kd3 Rc5 43. Rd4 Rac8 44. Rd7 Rxh5 45. Rxb7 Rd5+ 46. Ke4 Rd6 47. Re7 Rc4+ 48. Ke5 Rcc6 49. Rxc3 Rxc3 50. Kxd6 Rxc2 51. Rb7 Rc3 52. Rxb6 Rxe3 53. Rb8+ Kh7 54. Rf8 Ra3 55. Rf4 h5 56. Ke5 g5 57. Rf5 Kg6 58. Rf6+ Kg7 59. Rf5 Re3+ 60. Kd4 Kg6 61. Kxe3 Kxf5 62. a5 h4 63. a6 h3 64. a7 h2 65. a8Q h1Q 66. Qa5+ Kf6 67. Qc3+ Kg6 68. Qd3+ Kf6 69. Qd6+ Kf5 70. Qd3+ Kf6 1/2-1/2

[Event "Barcelona Sant Marti op-B 5th"]
[Site "Barcelona"]
[Date "2016.02.18"]
[Round "6"]
[White "Ylla Soro, Rafael"]
[Black "Hinarejos Montano, Andres"]
[Result "0-1"]
[WhiteElo "1556"]
[BlackElo "1611"]
[PlyCount "60"]
[EventDate "2016.01.14"]
[EventType "swiss"]
[EventRounds "9"]
[EventCountry "ESP"]
[SourceTitle "EXT 2017"]
[Source "ChessBase"]
[SourceDate "2016.10.25"]
[SourceVersion "1"]
[SourceVersionDate "2016.10.25"]
[SourceQuality "1"]

1. e4 e5 2. f4 exf4 3. Nf3 Be7 4. Bc4 Nf6 5. d3 d6 6. Bxf4 Be6 7. Nbd2 0-0 8. 0-0 h6 9. Bxe6 fxe6 10. d4 Nxe4 11. Bxh6 Nxd2 12. Qxd2 gxh6 13. Qxh6 Rf6 14. Qg5+ Kh7 15. Qh5+ Rh6 16. Qf7+ Kh8 17. Rae1 Qf8 18. Ng5 Nd7 19. Rxe6 Bxg5 20. Qxd7 Bf6 21. c3 Rh7 22. Qb5 Rh6 23. Rfe1 Qf7 24. Qxb7 Rf8 25. Qe4 Rg6 26. Qe2 Kg7 27. Rf1 Bxd4+ 28. cxd4 Qxe6 29. Qd3 Rxf1+ 30. Qxf1 Qe3+ 0-1